000
nam a22 7a 4500
999
_c
49331
_d
49331
003
OSt
005
20191123141116.0
008
191123b xxu||||| |||| 00| 0 eng d
040
_c
SERO SOFT
100
_a
AIR
245
_a
ALL INDIA REPORTER
260
_a
NAGPUR
_b
NAGPUR PVT
300
_a
240
942
_2
ddc
_c
01